| 000 | 00992nam a2200277 a 4500 | ||
|---|---|---|---|
| 001 | 000044749 | ||
| 005 | 20240517201238.0 | ||
| 008 | 150109s2014 dr r 000 0 spa d | ||
| 020 | _a9789945887686 | ||
| 040 |
_aDO-SdBNP _bspa _cBNPHU |
||
| 082 |
_a301 _bB862i |
||
| 100 | 1 |
_aBrito, María C. _972752 |
|
| 245 | 1 | 0 |
_aIntroducción a la sociología : _bun enfoque latinoamericano y cristiano / _cMaría C. Brito, Yoselman R. Mirabal. |
| 260 |
_aSanto Domingo : _bMirabal producciones, _c2014. |
||
| 300 |
_a174 p ; _c23 cm. |
||
| 500 | _aIncluye datos biográficos de los autores en la solapa de la cubierta | ||
| 504 | _aBibliografías : p. 171-174 | ||
| 590 | _aInventariado, 2018/VM | ||
| 650 | 0 |
_aSociología _91061 |
|
| 650 | 0 |
_aClases sociales _91062 |
|
| 650 | 4 |
_aReligión y sociología _97389 |
|
| 650 | 0 |
_aSociología cristiana _95839 |
|
| 650 | 4 |
_aSociólogos _zAmérica Latina _972753 |
|
| 700 | 1 | 2 |
_aMirabal, Yoselman R. _91773 |
| 910 | _aValidado. Control de calidad. MFF | ||
| 999 |
_c44238 _d44238 |
||